| 000 | 01089nam a22001937a 4500 | ||
|---|---|---|---|
| 999 |
_c59468 _d59468 |
||
| 003 | Ge_BSU | ||
| 005 | 20230224170116.0 | ||
| 008 | 230224s2006 ge ||||| |||| 00| 0 geo d | ||
| 041 | _ageo | ||
| 080 | _a342 მ-43 | ||
| 245 |
_aშრომითი უფლებების სამართლებრივი რეგულირება : _bგზამკვლევი / _c[ავტორი თამუნა მახარაძე]; საქართველოს ახალგაზრდა იურისთა ასოციაციის აჭარის ფილიალი. |
||
| 264 |
_aბათუმი, _c2006. |
||
| 300 |
_a87 გვ.; _b 20 სმ. |
||
| 653 | _aშრომითი უფლებები | ||
| 653 | _aსამართალი | ||
| 700 |
_aმახარაძე,თამუნა _eავტორი _917042 |
||
| 710 |
_aსაქართველოს ახალგაზრდა იურისთა ასოციაციის აჭარის ფილიალი. _917043 |
||
| 942 |
_2udc _cBK |
||